| 000 | 00866nam a22002531u 4500 | ||
|---|---|---|---|
| 001 | 04542 | ||
| 003 | HDC | ||
| 007 | cr bn ---aaaaa | ||
| 008 | 210116p9999 fo d 00 engg | ||
| 040 | _aHDC | ||
| 245 | 0 | _aGeographic origin and identification labels: associating food quality with location | |
| 260 |
_a[no place] : _b [publisher not identified] , _c[no year] |
||
| 300 | _a 1 online resource (16 pages) | ||
| 336 |
_atext _2rdacontent |
||
| 337 |
_acomputer _2rdamedia |
||
| 338 |
_aonline resource _2rdacarrier |
||
| 650 |
_aAgricultural _94639 |
||
| 650 |
_afood product _92283 |
||
| 650 |
_afood quality _961 |
||
| 856 | _zRequest full-text at [email protected] | ||
| 942 | _2lcc | ||
| 942 | _cAR | ||
| 942 | _kJART 001184 | ||
| 999 |
_c1867 _d1867 |
||